000 00407nam a22001457a 4500
003 MACL
005 20191016151803.0
008 191016b xxu||||| |||| 00| 0 eng d
040 _cMACL
100 _aPereverzev, Alexander
_976972
245 _aTowards Naiskarmya: Suresvaracarya on the Method of Vedanta
260 _aKolkata
_bThe Asiatic Society
_c2015
650 _aPhilosophy
_976973
942 _2ddc
_cBK
999 _c61220
_d61220